000 00938nam2a22002051 4500
001 RU\NLR\A1SV\9839
005 20251203152403.2
035 _a(NLR Aleph) 009695328
090 _a13477660
_c13477660
100 _a19990210d1927 u y0rusy50 ca
101 1 _arus
_cspa
200 1 _a[Амазонка
_d(Reina Calafia)
_eРоман
_fПер. Р.Калменс]
210 _d1927
215 _a261 с.
461 1 _1001RU\NLR\A1SV\9834
_12000#$aСобрание сочинений$fВисенте Бласко Ибаньес$gС предисл. В.М.Фриче$vТ.6
_1700#1$aБласко Ибаньес$bВ.$f1867-1928$gВисенте
_99756058
_aБласко Ибаньес, В. (1867-1928)
_cМ.
_d1926-1928
_fВисенте Бласко Ибаньес
_n"Соврем. проблемы" Н.А.Столляр
_tСобрание сочинений
_vТ.6
801 0 _aRU
_bNLR
_c19990210
942 _cBOOK
980 _aA1SV
980 _aNB